000 00886nam a22002177a 4500
999 _c195849
_d195849
005 20230619151815.0
010 _aRP
020 _c799.00
_a9789353949600
035 _aB-755423
037 _bAakanksha Prakashan
082 _a301
100 _aEmber, Carol R.
245 _aAnthropology:
_cby Carol R. Ember, Melvin E. Ember and Peter N. Peregrine
_bFifteenth Edition/
260 _aNoida
_bPearson
_c2021
270 _a15th floor,Tower-B,Word Trade Tower,Plot no.1,Block-C sec 16,
_bNoida
_e201301
_k04466540100
_mcompanysecretary.india@pearson.com
300 _axviii;633p.
_c25cm(pbk)
700 _aEmber, Melvin R.
700 _aPeregrine Peter N.
942 _2ddc
_cEN
_h301
_mEMB